000 00627nam a22001937a 4500
005 20251108172049.0
008 250721s1988 xx 000 0 ara d
082 1 4 _aط/923.5942084/عسل
100 1 _aالعسلي، بسام
_eمؤلف
245 1 0 _aجوكوف /
264 1 _aبيروت :
_bدار النفائس،
_c1988.
300 _a248ص.
490 0 _aمشاهير قادة الحرب العالمية الثانية ؛ 5
650 1 7 _aالمشاهير
650 1 7 _aمقترحة :- ناشئون كبار (15-18) سنة
653 _aناشئون كبار (15-18) سنة
942 _2ddc
_cBK
999 _c69510
_d69510